000 00761cam a2200205 4500
001 4175
005 20181127172801.0
008 120217s2012 ii b 001 0 eng
010 _a 2012335960
020 _a9780670085873
043 _aa-ii---
100 1 _aJalan, Bimal.
245 1 0 _aEmerging India :
_beconomics, politics, and reforms /
_cBimal Jalan.
260 _aNew Delhi :
_bPenguin, Viking,
_c2012.
300 _axxviii, 307 p. ;
_c23 cm.
504 _aIncludes bibliographical references and index.
650 0 _aMonetary policy
_zIndia.
651 0 _aIndia
_xEconomic policy
_y1991-
856 _a
_uhttp://books.google.bt/books?vid=ISBN9780670085873&printsec=frontcover&redir_esc=y#v=onepage&q&f=true
_yLink to Google Books Copy(Incomplete Version).
_z
_3
999 _c3426
_d3426